000
00260nam a2200109Ia 4500
008
200302s9999 xx 000 0 und d
100
_a
Peter Murray
245
_a
Renaissance Architecture
260
_b
Faber and Faber Electa
260
_c
1986
300
_a
196 P.,
999
_c
1002
_d
1002